[Event "Warsaw Najdorf Memorial op-A"]
[Site "Warsaw"]
[Date "2024.07.14"]
[Round "6"]
[White "Sidorczuk, Pawel"]
[Black "Lasota, Adam"]
[Result "1-0"]
[WhiteElo "2096"]
[BlackElo "1968"]
[PlyCount "131"]
[EventDate "2024.07.09"]
[EventType "swiss"]
[EventRounds "9"]
[EventCountry "POL"]
[SourceTitle "EXT 2025"]
[Source "ChessBase"]
[SourceDate "2024.10.14"]
[SourceVersion "1"]
[SourceVersionDate "2024.10.14"]
[SourceQuality "1"]

1. Nf3 b6 2. g3 Bb7 3. Bg2 Nf6 4. 0-0 e6 5. d3 Be7 6. c4 0-0 7. b3 c5 8. Bb2 d5 9. e3 Nc6 10. Qe2 Qc7 11. Rd1 Rad8 12. Nc3 Rfe8 13. Rac1 Qb8 14. cxd5 Nxd5 15. Nxd5 Rxd5 16. Nd2 Rd7 17. Qg4 Ne5 18. Bxe5 Qxe5 19. Bxb7 Rxb7 20. Nc4 Qb8 21. d4 cxd4 22. Rxd4 Bc5 23. Rd2 Bb4 24. Rd3 b5 25. Ne5 Ba3 26. Nc6 Qa8 27. Rcd1 Be7 28. Nxe7+ Rbxe7 29. Qb4 Rb7 30. Qa5 h6 31. Rd8 Rb8 32. Rxe8+ Rxe8 33. Qxb5 Rd8 34. Rxd8+ Qxd8 35. b4 g5 36. h3 h5 37. Kg2 Qa8+ 38. Kh2 f5 39. Qd7 Qf3 40. Qxe6+ Kg7 41. Qd7+ Kg6 42. Kg1 Qe4 43. Qd6+ Kh7 44. a4 Qb1+ 45. Kg2 Qe4+ 46. Kh2 Qc2 47. Qd7+ Kg6 48. Qe6+ Kg7 49. Kg2 g4 50. hxg4 hxg4 51. Qe7+ Kg6 52. Qxa7 Qe4+ 53. Kh2 Qxb4 54. Qd4 Qb1 55. Qd6+ Kg5 56. Qf4+ Kg6 57. a5 Qa2 58. Qd6+ Kh5 59. Qf4 Qxa5 60. e4 fxe4 61. Qxe4 Qb5 62. Qh7+ Kg5 63. Qh4+ Kg6 64. Qxg4+ Kh6 65. f4 Qf1 66. Qh3+ 1-0

[Event "Warsaw Najdorf Memorial op-A 20th"]
[Site "Warsaw"]
[Date "2023.07.19"]
[Round "9"]
[White "Lasota, Adam"]
[Black "Markuszewski, Maksymilian"]
[Result "1/2-1/2"]
[WhiteElo "1927"]
[BlackElo "2039"]
[PlyCount "63"]
[EventDate "2023.07.11"]
[EventType "swiss"]
[EventRounds "9"]
[EventCountry "POL"]
[SourceTitle "EXT 2024"]
[Source "ChessBase"]
[SourceDate "2023.10.10"]
[SourceVersion "1"]
[SourceVersionDate "2023.10.10"]
[SourceQuality "1"]

1. b3 d5 2. Bb2 Bf5 3. e3 Nf6 4. Bd3 Bxd3 5. cxd3 e6 6. Nf3 c5 7. 0-0 Nc6 8. d4 cxd4 9. Nxd4 Nxd4 10. Bxd4 Bd6 11. Bxf6 Qxf6 12. Nc3 0-0 13. Nb5 Be7 14. f4 Rfc8 15. a3 a6 16. Nc3 Rc6 17. f5 Qe5 18. Qg4 Rd8 19. fxe6 fxe6 20. Ne2 Rc2 21. Rad1 Bxa3 22. Nd4 Ra2 23. Nxe6 Re8 24. Nd4 Bd6 25. g3 Qe4 26. Qh5 g6 27. Qg5 Bc5 28. Rf4 Qe5 29. Rf5 Qe4 30. Rf4 Qe5 31. Rf5 Qe4 32. Rf4 1/2-1/2

[Event "Warsaw Maciei Memorial"]
[Site "Warsaw"]
[Date "2022.07.08"]
[Round "2"]
[White "Lasota, Adam"]
[Black "Klekowski, Maciej"]
[Result "0-1"]
[WhiteElo "1892"]
[BlackElo "2483"]
[PlyCount "55"]
[EventDate "2022.07.08"]
[EventType "swiss (blitz)"]
[EventRounds "11"]
[EventCountry "POL"]
[SourceTitle "CBM 209 Extra"]
[Source "ChessBase"]
[SourceDate "2022.09.30"]
[SourceVersion "1"]
[SourceVersionDate "2022.09.30"]
[SourceQuality "1"]

1. d4 Nf6 2. Bf4 d5 3. e3 c5 4. c3 Nc6 5. Nd2 Bf5 6. Qb3 Qd7 7. dxc5 e6 8. Ngf3 Bxc5 9. Nd4 Bg6 10. Nxc6 bxc6 11. Nf3 0-0 12. Ne5 Qc8 13. Nxg6 hxg6 14. Be2 Re8 15. 0-0 e5 16. Bg3 Ne4 17. Qc2 f5 18. Bd3 Nf6 19. h3 e4 20. Be2 g5 21. c4 d4 22. exd4 Bxd4 23. Bd6 c5 24. Rab1 Qe6 25. Bh2 f4 26. b4 f3 27. Bd1 g4 28. bxc5 0-1

[Event "Warsaw Maciei Memorial"]
[Site "Warsaw"]
[Date "2022.07.08"]
[Round "6"]
[White "Lasota, Adam"]
[Black "Kokoszczynski, Jan"]
[Result "1/2-1/2"]
[WhiteElo "1892"]
[BlackElo "2297"]
[PlyCount "122"]
[EventDate "2022.07.08"]
[EventType "swiss (blitz)"]
[EventRounds "11"]
[EventCountry "POL"]
[SourceTitle "CBM 209 Extra"]
[Source "ChessBase"]
[SourceDate "2022.09.30"]
[SourceVersion "1"]
[SourceVersionDate "2022.09.30"]
[SourceQuality "1"]

1. d4 c5 2. c3 g6 3. Bf4 Bg7 4. e3 Nf6 5. Be2 0-0 6. h3 d5 7. Nf3 Nc6 8. Nbd2 Nd7 9. 0-0 e5 10. dxe5 Ndxe5 11. Nxe5 Nxe5 12. Nf3 Nc6 13. Qb3 b6 14. Rad1 Na5 15. Qxd5 Qxd5 16. Rxd5 Be6 17. Rdd1 Bxa2 18. Be5 Bb3 19. Ra1 Rfd8 20. Bxg7 Kxg7 21. Bd1 Rd7 22. Bxb3 Nxb3 23. Ra3 Nd2 24. Rfa1 a5 25. Nxd2 Rxd2 26. b4 cxb4 27. cxb4 Rd7 28. bxa5 Rda7 29. a6 b5 30. Rb1 Rxa6 31. Rxa6 Rxa6 32. Rxb5 Ra2 33. g3 Rc2 34. Kg2 Ra2 35. h4 h5 36. Rb4 Rc2 37. Rf4 Ra2 38. Kh3 Rb2 39. g4 hxg4+ 40. Kxg4 Rb5 41. Kg3 Rb2 42. Ra4 Rb5 43. f4 Rb1 44. Ra5 Rg1+ 45. Kf3 Rh1 46. Kg4 Rg1+ 47. Kf3 Rh1 48. Kg3 Rg1+ 49. Kh2 Re1 50. Ra3 Kf6 51. Kg3 Rg1+ 52. Kh2 Re1 53. Kg3 Kf5 54. Ra5+ Kf6 55. Kf3 Rh1 56. Ra6+ Kg7 57. Kg4 Rg1+ 58. Kf3 Rh1 59. Kg4 Rg1+ 60. Kf3 Rh1 61. Kg4 Rg1+ 1/2-1/2

[Event "Warsaw Maciei Memorial"]
[Site "Warsaw"]
[Date "2022.07.08"]
[Round "9"]
[White "Socko, Monika"]
[Black "Lasota, Adam"]
[Result "1-0"]
[WhiteElo "2416"]
[BlackElo "1892"]
[PlyCount "73"]
[EventDate "2022.07.08"]
[EventType "swiss (blitz)"]
[EventRounds "11"]
[EventCountry "POL"]
[SourceTitle "CBM 209 Extra"]
[Source "ChessBase"]
[SourceDate "2022.09.30"]
[SourceVersion "1"]
[SourceVersionDate "2022.09.30"]
[SourceQuality "1"]

1. d4 b6 2. e4 Bb7 3. Nc3 e6 4. Nf3 Bb4 5. Bd3 Nf6 6. Qe2 d5 7. e5 Ne4 8. Bd2 Bxc3 9. bxc3 Nxd2 10. Qxd2 c5 11. 0-0 Ba6 12. dxc5 bxc5 13. Rfd1 Bxd3 14. cxd3 Nc6 15. Rab1 0-0 16. Rb5 Qe7 17. Qe3 d4 18. cxd4 cxd4 19. Nxd4 Nxd4 20. Qxd4 Rfd8 21. Qb2 h6 22. g3 Rd7 23. Rb8+ Rxb8 24. Qxb8+ Kh7 25. d4 Qa3 26. Qb1+ g6 27. Rd3 Qa4 28. Qb2 Qa6 29. Qd2 Rd5 30. h4 h5 31. Kh2 Qa4 32. a3 Qd7 33. Qf4 Qd8 34. Qxf7+ Kh6 35. Qxe6 Rxd4 36. Rf3 Rd1 37. Qf6 1-0

[Event "Mazowiec-chT op 1819"]
[Site "Warsaw"]
[Date "2019.02.17"]
[Round "7.21"]
[White "Kolinski, Daniel"]
[Black "Lasota, Adam"]
[Result "0-1"]
[WhiteElo "1677"]
[BlackElo "1930"]
[PlyCount "70"]
[EventDate "2018.12.02"]
[EventType "team-swiss"]
[EventRounds "10"]
[EventCountry "POL"]
[SourceTitle "EXT 2020"]
[Source "ChessBase"]
[SourceDate "2019.10.17"]
[SourceVersion "1"]
[SourceVersionDate "2019.10.17"]
[SourceQuality "1"]

1. e4 b6 2. d4 Bb7 3. Nc3 e6 4. a3 Nf6 5. f3 d5 6. Bd3 c5 7. Bb5+ Bc6 8. Bxc6+ Nxc6 9. Nge2 dxe4 10. Nxe4 cxd4 11. 0-0 Be7 12. c3 e5 13. Qa4 Qd7 14. Rd1 Nxe4 15. fxe4 Rd8 16. b4 Bf6 17. Bb2 0-0 18. b5 Qg4 19. Ng3 Na5 20. cxd4 exd4 21. Rac1 Be5 22. Rd3 Bxg3 23. Rxg3 Qxe4 24. Rd1 Rd5 25. Bxd4 g6 26. Re3 Qf5 27. Bc3 Rxd1+ 28. Qxd1 Qc5 29. Bd4 Qxb5 30. Re5 Qb3 31. Qg4 Nc6 32. Re3 Qb1+ 33. Kf2 Nxd4 34. Qxd4 Qf5+ 35. Rf3 Qc5 0-1

[Event "Warsaw Najdorf Memorial op-B 13th"]
[Site "Warsaw"]
[Date "2015.07.13"]
[Round "4"]
[White "Levitan, Tal"]
[Black "Lasota, Adam"]
[Result "1-0"]
[WhiteElo "2014"]
[BlackElo "1932"]
[PlyCount "109"]
[EventDate "2015.07.10"]
[EventType "swiss"]
[EventRounds "9"]
[EventCountry "POL"]
[SourceTitle "CBM 167 Extra"]
[Source "ChessBase"]
[SourceDate "2015.09.14"]
[SourceVersion "1"]
[SourceVersionDate "2015.09.14"]
[SourceQuality "1"]

1. e4 c5 2. c3 g6 3. d4 cxd4 4. cxd4 d5 5. e5 Nc6 6. Nc3 Bg7 7. h3 Nh6 8. g4 0-0 9. f4 f6 10. Bg2 fxe5 11. fxe5 e6 12. Nf3 Qb6 13. 0-0 Qa6 14. Rf2 b6 15. Be3 Qb7 16. Rc1 a6 17. Qd2 Nf7 18. Ng5 Ncd8 19. Rcf1 Bd7 20. h4 Nxg5 21. Rxf8+ Bxf8 22. Bxg5 Nf7 23. h5 Be8 24. Qf4 Be7 25. Bxe7 Qxe7 26. Qf6 Qxf6 27. Rxf6 Ng5 28. Nxd5 Rd8 29. Nc7 gxh5 30. gxh5 Bxh5 31. Nxe6 Nxe6 32. Rxe6 Rxd4 33. Rxb6 Rd1+ 34. Kf2 Rd2+ 35. Kg3 Be2 36. a4 Bd1 37. a5 Kf7 38. b4 Be2 39. Bh3 Rd3+ 40. Kh4 Rd4+ 41. Kg5 h6+ 42. Rxh6 Rxb4 43. e6+ Kg7 44. Rg6+ Kf8 45. Kf6 Rf4+ 46. Bf5 Bc4 47. Rh6 Kg8 48. e7 Bb5 49. Rg6+ Kh8 50. Rg4 Rf1 51. Rd4 Rxf5+ 52. Kxf5 Kg7 53. Ke6 Kg6 54. Rd8 Bc4+ 55. Ke5 1-0

[Event "Milanowek-chA 21st"]
[Site "Milanowek"]
[Date "2015.06.24"]
[Round "3.1"]
[White "Liberadzki, Slawomir"]
[Black "Lasota, Adam"]
[Result "1/2-1/2"]
[WhiteElo "2040"]
[BlackElo "1923"]
[PlyCount "59"]
[EventDate "2015.06.22"]
[EventType "swiss"]
[EventRounds "9"]
[EventCountry "POL"]
[SourceTitle "EXT 2023"]
[Source "ChessBase"]
[SourceDate "2022.10.05"]
[SourceVersion "1"]
[SourceVersionDate "2022.10.05"]
[SourceQuality "1"]

1. e4 c5 2. c3 g6 3. d4 cxd4 4. cxd4 d5 5. exd5 Nf6 6. Qa4+ Nbd7 7. Nc3 Bg7 8. Nf3 0-0 9. Bc4 Nb6 10. Qb3 Nxc4 11. Qxc4 b6 12. Ne5 Bb7 13. Nc6 Qd7 14. 0-0 Rfc8 15. Re1 Bxc6 16. dxc6 Rxc6 17. Qb4 e6 18. Bf4 Nd5 19. Nxd5 Qxd5 20. Be5 Rac8 21. h3 Rc2 22. a4 Bf8 23. Qb5 Qxb5 24. axb5 Rxb2 25. Rxa7 Rxb5 26. Rb7 Rb3 27. Ra1 Bg7 28. Raa7 Bxe5 29. dxe5 Rf8 30. Kh2 1/2-1/2

[Event "Warsaw YMCA Autumn-B 146th"]
[Site "Warsaw"]
[Date "2014.11.27"]
[Round "11"]
[White "Lasota, Adam"]
[Black "Jachimiak, Wojciech"]
[Result "1-0"]
[WhiteElo "1948"]
[BlackElo "1862"]
[PlyCount "123"]
[EventDate "2014.09.17"]
[EventType "tourn"]
[EventRounds "13"]
[EventCountry "POL"]
[SourceTitle "EXT 2019"]
[Source "ChessBase"]
[SourceDate "2018.10.10"]
[SourceVersion "1"]
[SourceVersionDate "2018.10.10"]
[SourceQuality "1"]

1. d4 Nf6 2. Bf4 g6 3. e3 Bg7 4. Nf3 0-0 5. Be2 d6 6. 0-0 c5 7. c3 Nc6 8. h3 a6 9. a4 Nd7 10. Bh2 Rb8 11. Na3 e5 12. Nc4 Qe7 13. dxc5 dxc5 14. Nd6 Rd8 15. Nxc8 Rbxc8 16. Qc2 Na5 17. Rfd1 Nb6 18. Rxd8+ Rxd8 19. Rd1 Nc6 20. Nd2 Qe6 21. Ne4 Bf8 22. Rxd8 Nxd8 23. b3 Nc6 24. Ng5 Qd7 25. f4 Qe7 26. Bf3 f6 27. Bxc6 bxc6 28. Nf3 e4 29. Nd2 f5 30. c4 Bg7 31. g4 Qh4 32. gxf5 gxf5 33. Kg2 Qh5 34. Bg3 Qe2+ 35. Bf2 Bf6 36. Kg1 Nd7 37. Qc1 Qd3 38. Nf1 Qxb3 39. Ng3 Nb6 40. Nxf5 Nxc4 41. Qf1 Nd2 42. Qxa6 Qe6 43. Qa8+ Kf7 44. Nh6+ Kg7 45. Ng4 c4 46. f5 Qxf5 47. Qxc6 c3 48. a5 h5 49. Nxf6 Qg6+ 50. Kh2 Qxf6 51. Qxf6+ Kxf6 52. a6 c2 53. a7 c1Q 54. a8Q Qc7+ 55. Kg2 Qg7+ 56. Bg3 Qd7 57. Qh8+ Kg6 58. Qg8+ Qg7 59. Qd5 Qb2 60. Be5 Qc2 61. Qe6+ Kh7 62. Qf7+ 1-0

[Event "Warsaw YMCA Autumn-B 146th"]
[Site "Warsaw"]
[Date "2014.10.30"]
[Round "7"]
[White "Tegi, Robert"]
[Black "Lasota, Adam"]
[Result "0-1"]
[WhiteElo "1796"]
[BlackElo "1948"]
[PlyCount "92"]
[EventDate "2014.09.17"]
[EventType "tourn"]
[EventRounds "13"]
[EventCountry "POL"]
[SourceTitle "EXT 2019"]
[Source "ChessBase"]
[SourceDate "2018.10.10"]
[SourceVersion "1"]
[SourceVersionDate "2018.10.10"]
[SourceQuality "1"]

1. d4 Nf6 2. c4 g6 3. Nc3 d5 4. cxd5 Nxd5 5. e4 Nxc3 6. bxc3 Bg7 7. Bc4 0-0 8. Ne2 c5 9. 0-0 Nc6 10. Be3 Qc7 11. Rc1 e6 12. Qd2 Na5 13. Bd3 b6 14. Bh6 Bb7 15. h4 Qe7 16. h5 Rad8 17. e5 cxd4 18. cxd4 Nc6 19. Bxg7 Kxg7 20. Qf4 Nb4 21. Bb1 Nd5 22. Qg4 Ba6 23. Rfe1 f5 24. Qf3 Qh4 25. Rc6 Kf7 26. h6 Bb7 27. Rc4 Qxh6 28. Rec1 Rd7 29. Qa3 a5 30. Qa4 Rfd8 31. Qb5 Qg5 32. Ng3 h5 33. Kf1 h4 34. Ne2 Ne7 35. f3 Nd5 36. f4 Ne3+ 37. Kf2 Ng4+ 38. Ke1 Qe7 39. Qxb6 Bxg2 40. Rc7 h3 41. Ng3 Qh4 42. Qb3 h2 43. Ke2 h1Q 44. Nxh1 Bxh1 45. Qb5 Qf2+ 46. Kd3 Qxd4+ 0-1

[Event "Warsaw Najdorf Memorial op-B 12th"]
[Site "Warsaw"]
[Date "2014.07.15"]
[Round "2"]
[White "Reza, Wojciech"]
[Black "Lasota, Adam"]
[Result "1-0"]
[WhiteElo "2182"]
[BlackElo "1951"]
[PlyCount "149"]
[EventDate "2014.07.14"]
[EventType "swiss"]
[EventRounds "9"]
[EventCountry "POL"]
[SourceTitle "EXT 2016"]
[Source "ChessBase"]
[SourceDate "2015.10.08"]
[SourceVersion "1"]
[SourceVersionDate "2015.10.08"]
[SourceQuality "1"]

1. c4 Nf6 2. Nc3 d5 3. cxd5 Nxd5 4. g3 g6 5. Bg2 Nb6 6. Nf3 Bg7 7. 0-0 0-0 8. d3 Nc6 9. Bd2 h6 10. a3 Nd4 11. Nxd4 Qxd4 12. Qc2 c6 13. Rfc1 Be6 14. Be3 Qd8 15. b4 Nd5 16. Bd2 Qd7 17. Rab1 Nxc3 18. Bxc3 Rfc8 19. a4 Bxc3 20. Qxc3 Rab8 21. h4 h5 22. d4 Rd8 23. e3 Rbc8 24. Kh2 Bd5 25. f3 Be6 26. Rb2 f6 27. Rd2 Qd5 28. a5 Qb3 29. f4 Qxc3 30. Rxc3 Bd5 31. e4 Be6 32. Kg1 f5 33. exf5 Bxf5 34. a6 bxa6 35. Rxc6 Rxc6 36. Bxc6 Rb8 37. Rb2 Rd8 38. d5 e6 39. Rd2 exd5 40. Rxd5 Rb8 41. Rd4 Rb6 42. Bd5+ Kf8 43. Kf2 Rd6 44. Ke3 Ke7 45. Bb3 Rb6 46. Ba4 Re6+ 47. Kd2 Rd6 48. Kc3 Rb6 49. Bb3 Bd7 50. Rd5 Bb5 51. Rc5 Kd6 52. Bc2 Be8 53. Bd3 Bf7 54. Ra5 Rc6+ 55. Kd4 Ke7 56. Rxa6 Rxa6 57. Bxa6 Kd6 58. Bd3 Be8 59. Bb1 Bf7 60. Be4 Be8 61. Kc4 Bf7+ 62. Kb5 Kc7 63. Kc5 Kd7 64. Bd5 Bxd5 65. Kxd5 a6 66. Ke5 Ke7 67. f5 gxf5 68. Kxf5 Kd6 69. g4 hxg4 70. Kxg4 Kd5 71. h5 Kc4 72. h6 Kxb4 73. h7 a5 74. h8Q a4 75. Qb2+ 1-0

[Event "Warsaw YMCA Summer 124th"]
[Site "Warsaw"]
[Date "2013.08.14"]
[Round "7"]
[White "Lasota, Adam"]
[Black "Praczukowski, Stanislaw"]
[Result "1-0"]
[WhiteElo "1913"]
[BlackElo "1848"]
[PlyCount "59"]
[EventDate "2013.07.05"]
[EventType "tourn"]
[EventRounds "10"]
[EventCountry "POL"]
[SourceTitle "EXT 2014"]
[Source "ChessBase"]
[SourceDate "2013.11.20"]
[SourceVersion "1"]
[SourceVersionDate "2013.11.20"]
[SourceQuality "1"]

1. d4 d5 2. Bf4 Nf6 3. e3 c5 4. c3 Nc6 5. Nd2 cxd4 6. exd4 Bf5 7. Ngf3 e6 8. Ne5 Nxe5 9. Bxe5 Nd7 10. Bg3 Be7 11. Qb3 Qc8 12. Be2 0-0 13. 0-0 Nb6 14. a4 Qd7 15. Bb5 Qd8 16. a5 Nc8 17. a6 Nd6 18. axb7 Rb8 19. Ba6 Bh4 20. Bxd6 Qxd6 21. Nf3 Bd8 22. Rfe1 Be4 23. Qa3 Qf4 24. Ne5 f6 25. g3 Qf5 26. Nd7 Bc7 27. Re3 Qh3 28. Bf1 Qh6 29. Nxf8 Rxf8 30. Qe7 1-0

[Event "Warsaw Najdorf Memorial op-B 11th"]
[Site "Warsaw"]
[Date "2013.08.12"]
[Round "8"]
[White "Pastuszko, Kinga"]
[Black "Lasota, Adam"]
[Result "1-0"]
[WhiteElo "1851"]
[BlackElo "1912"]
[PlyCount "81"]
[EventDate "2013.08.05"]
[EventType "swiss"]
[EventRounds "9"]
[EventCountry "POL"]
[SourceTitle "CBM 155 Extra"]
[Source "ChessBase"]
[SourceDate "2013.08.26"]
[SourceVersion "1"]
[SourceVersionDate "2013.08.26"]
[SourceQuality "1"]

1. e4 c5 2. Nf3 e6 3. d4 cxd4 4. Nxd4 a6 5. Bd3 Qc7 6. 0-0 Nc6 7. c3 Nf6 8. f4 Qb6 9. Bc2 Bc5 10. Kh1 Nxd4 11. cxd4 Bxd4 12. e5 Bxb2 13. Bxb2 Qxb2 14. Nd2 Nd5 15. Nc4 Qc3 16. Nd6+ Ke7 17. Qh5 g6 18. Qh4+ f6 19. Ne4 Qxc2 20. exf6+ Kd8 21. f7+ Ne7 22. Qf6 Rf8 23. Qg7 Rxf7 24. Qxf7 Nc6 25. Qf8+ Kc7 26. Qd6+ Kb6 27. Rab1+ Ka7 28. Nc5 Qxa2 29. Ra1 Qc4 30. Rfc1 Qe2 31. Qc7 Nb4 32. Rcb1 d6 33. Rxb4 dxc5 34. Qxc5+ Kb8 35. Qd6+ Ka7 36. Qb6+ Kb8 37. Qd6+ Ka7 38. Rb6 Qc4 39. Rab1 Qd5 40. Qc7 Qb5 41. R6xb5 1-0

[Event "Warsaw YMCA Summer 124th"]
[Site "Warsaw"]
[Date "2013.07.11"]
[Round "2"]
[White "Praczukowski, Stanislaw"]
[Black "Lasota, Adam"]
[Result "1/2-1/2"]
[WhiteElo "1848"]
[BlackElo "1913"]
[PlyCount "45"]
[EventDate "2013.07.05"]
[EventType "tourn"]
[EventRounds "10"]
[EventCountry "POL"]
[SourceTitle "EXT 2014"]
[Source "ChessBase"]
[SourceDate "2013.11.20"]
[SourceVersion "1"]
[SourceVersionDate "2013.11.20"]
[SourceQuality "1"]

1. d4 Nf6 2. c4 g6 3. Nc3 d5 4. cxd5 Nxd5 5. e4 Nxc3 6. bxc3 Bg7 7. Bc4 c5 8. Ne2 Nc6 9. Be3 Qc7 10. 0-0 0-0 11. Rc1 Rd8 12. f3 Ne5 13. Bb3 Qa5 14. Qc2 c4 15. dxe5 cxb3 16. axb3 Bxe5 17. Bd4 Qc7 18. Bxe5 Qxe5 19. Rfd1 Qc5+ 20. Kh1 Bd7 21. Rd5 Qc7 22. Rcd1 Bc6 23. R5d3 1/2-1/2